| 000 | 00796cab a2200253 4500 | ||
|---|---|---|---|
| 001 | WB3220-63 | ||
| 008 | 090401t1996 xxu||||| |||| 00| 0 eng d | ||
| 035 | _a(Sirsi) u8528 | ||
| 041 | _aeng | ||
| 245 | _aMidlands - Chunnel rail link | ||
| 260 | _c1996 | ||
| 350 | _a0 | ||
| 490 |
_aBirmingham Post _v20 May 1996, 3(1) |
||
| 520 | _aThe proposed £2bn privately financed Central Railway running from the junction of the M1/M6 to the Channel Tunnel could remove at least one million lorries a year from the roads and cut journey times. | ||
| 650 | _aCENTRAL RAILWAY | ||
| 650 | _aCHANNEL TUNNEL | ||
| 650 | _aLUTTERWORTH | ||
| 650 | _aPFI | ||
| 650 | _aRAIL FREIGHT TERMINALS | ||
| 650 | _aRAILWAYS | ||
| 690 | _aTRANSPORT AND COMMUNICATIONS | ||
| 942 | _n0 | ||
| 948 | _c04/03/1997 | ||
| 999 |
_c5268 _d5268 |
||